000 00762nam a2200193Ii 4500
003 JO-AjNU
008 230605s9999||||xx |||||||||||||| ||und||
040 _aJO-AjNU
_bara
_erda
_cJO-AjNU
041 _aara
050 1 4 _aKMM300.7.J6772 1970
100 3 _aالأردن، مديرة الأمن العام,
_eauthor
_947118
245 0 0 _aالقوانين والأنظمة التي لها علاقة بالشرطة والأمن العام
264 3 1 _aعمان: مديرة الامن العام، 1970
300 _a590ص
336 _atext
_btxt
_2rdacontent
337 _aunmediated
_bn
_2rdamedia
338 _avolume
_bnc
_2rdacarrier
650 4 _aالشرطة - قوانين وتشريعات - الاردن - الامن الداخلي - الاردن
_947119
999 _aA20546
_c24114
_d24114